| 000 | 00963nam a2200325 a 4500 | ||
|---|---|---|---|
| 003 | AR-BaBNM | ||
| 005 | 20251128205644.0 | ||
| 008 | 082120s2002 ||||||||||||||000 | spa|| | ||
| 020 | _a84-7100-538-7 | ||
| 040 | _cAR-BaBNM | ||
| 100 | 1 | _ada Fonseca, Luis Adào | |
| 245 | 0 | 0 | _aPortugal entre dos mares |
| 260 |
_aMadrid _bMapfre _c1993 |
||
| 300 |
_a355 p. _bil., láms., mapas |
||
| 490 | 0 |
_aPortugal y el mundo _vv. 3 |
|
| 500 | _aCronología de los descubrimientos del Atlántico p. 321-327 | ||
| 504 | _aBibliografía p. 329-345 | ||
| 650 | 4 | _aHISTORIA POLITICA | |
| 650 | 4 | _aASTRONOMIA | |
| 650 | 4 | _aHISTORIA DE LAS CIENCIAS | |
| 650 | 4 | _aMEDICIONES E INSTRUMENTOS ASTRONOMICOS | |
| 650 | 4 | _aNAVEGACION MARITIMA | |
| 650 | 4 | _aINSTRUMENTOS DE NAVEGACION | |
| 651 | 4 | _aPortugal | |
| 651 | 4 | _aAmérica Latina | |
| 653 | _aDESCUBRIMIENTO DE AMERICA | ||
| 800 | 1 |
_aGallego, José Andrés _ecoordinador |
|
| 942 | _cBK | ||
| 998 | _cMariana | ||
| 999 |
_c12262 _d12262 |
||